000 00494nam a2200181Ia 4500
005 20250423101645.0
008 250422s9999 xx 000 0 und d
020 _a0131864629
050 _aQD 31 .3 .M355/
100 _aWoodfield, Brian F.
245 0 _aVirtual chemlab : problems and assignments for the virtual laboratory
260 _aUpper Saddle River
260 _bPearson Prentice Hall
260 _c2006.
300 _a106 p
650 _aChemistry --Experiments
942 _cBK
999 _c36891
_d36891